Datum a čas kvízu
28
Celkem bodů
Celkový počet nahraných bodů na tomto kvízu bez doplňovacích otázek.
3.
Pořadí na kvízu
Konečné umístění týmu na tomto kvízu.
Zaznamenané odpovědi
| # | Otázka | Odpověď | Body | Výsledky |
|---|---|---|---|---|
| 1. | Která oceňovaná česká stavba o... | vysílač a hotel na Ještědu | 0 | |
| 2. | Ve které evropské zemi se minu... | v Litvě | 1 | |
| 3. | Ve čtvrtek byla v Českém rozhl... | Karel Gott | 1 | |
| 4. | Minulý týden rozhodla česká vl... | kratom, HHC (hexahydrokanabinol) | 0.5 | |
| 5. | Senzační cestu za wimbledonský... | v Sokolově | 1 | |
| 6. | Průkopník teorie raketových le... | D | 1 | |
| 7. | Ve kterém roce došlo k vypuště... | 1957 (Sputnik 1), 1961 (Gagarin) | 0.5 | |
| 8. | Který americký prezident na za... | John Fitzgerald Kennedy | 1 | |
| 9. | Na fotografii je sovětská vesm... | na Venuši | 0 | |
| 10. | Na území kterého státu USA se... | Florida | 0 |